A buen rey mejor alcalde (Record no. 170992)

MARC details
000 -LEADER
campo de control de longitud fija 00828nam a22001935i 4500
001 - NÚMERO DE CONTROL
campo de control 170992
003 - IDENTIFICADOR DE NÚMERO DE CONTROL
campo de control ES-MaACL
005 - FECHA Y HORA DE LA ÚLTIMA TRANSACCIÓN
campo de control 20230906214519.0
008 - DATOS DE LONGITUD FIJA--INFORMACIÓN GENERAL
campo de control de longitud fija 090421s1870 sp |||| | spa d
100 1# - ENTRADA PRINCIPAL--NOMBRE DE PERSONA
Nombre de persona Escamilla, Pedro.
9 (RLIN) 139872
245 10 - MENCIÓN DEL TÍTULO
Título A buen rey mejor alcalde
Resto del título : comedia histórica en un acto y en verso /
Mención de responsabilidad, etc. original de Pedro Escamilla.
260 ## - PUBLICACIÓN, DISTRIBUCIÓN, ETC.
Lugar de publicación, distribución, etc. Madrid :
Nombre del editor, distribuidor, etc. [Juan Manuel Guerrero],
Fecha de publicación, distribución, etc. 1870 (
Fabricante Imp. de Julián Peña)
300 ## - DESCRIPCIÓN FÍSICA
Extensión 27 p. ;
Dimensiones 18 cm.
490 1# - MENCIÓN DE SERIE
Mención de serie El coliseo
500 ## - NOTA GENERAL
Nota general En port.: Estrenada con aplauso en el teatro del Recreo el 26 de abril de 1869.
830 0# - PUNTO DE ACCESO ADICIONAL DE SERIE-TÍTULO UNIFORME
Título uniforme El coliseo
9 (RLIN) 188992
852 ## - LOCALIZACIÓN
Ubicación ES-MaACL
Número de control de estantería F-8576(8)
Nota libre .- Enc. pasta española
condición física .- Falto de la cub. original
Nota libre .- Enc. en un vol. facticio formando parta de la Col. "Teatro español moderno" vol. 29
Holdings
Estatus retirado Estado de pérdida Estado de daño No para préstamo Colección Biblioteca de origen Biblioteca actual Ubicación en estantería Fecha de adquisición Total de préstamos Signatura topográfica completa Código de barras Visto por última vez Precio de reemplazo Tipo de ítem Koha
        Libros del s. XIX Biblioteca del Ateneo de Madrid Biblioteca del Ateneo de Madrid Sala Pecera Planta 2 14/04/2011   F-8576(8) 1186706 23/02/2023 23/02/2023 Libro impreso antiguo